01666nam a2200217Ia 4500008004100000020001800041050002200059100003500081245012900116250001800245260004800263300003100311500004600342500003200388500007800420500016500498505066200663650002801325650001901353856007601372120625s20032012mx 000 0 esp d a978842053713914aLC3981 bS55 20031 aSmith, Deborah Deutscheautora10aBases psicopedagógicas de la educación especialb: enseñando en una época de oportunidadesc/ Deborah Deutsch Smith  a4a. edición3 aMéxicob: Pearson - Prentice Hallc, 2003 axx, 636 páginasc; 25 cm aEjemplar: 04 003888 (Tiene hojas sueltas) aImpreso en México en 2012 aIncluye: Bibliografía (pp. 579 - 616) Indice temático (pp. 617 - 636) aEn portada: "cuarta edición" (referente a la edición en inglés). \Traducción de: Introduction to special education : teaching in an age of opportunity1 aEl contexto de la educación especial El legado del siglo XX y la promesa del nuevo milenio Discapacidad Programas de enseñanza individualizados Planificación y puesta en marcha de los servicios Educación especial multicultural y bilingüe Familias Tecnología Discapacidades de aprendizaje Discapacidades del habla y del lenguaje Retraso mental Alumnos superdotados y con talentos especiales Trastornos emocionales y de la conducta Discapacidades físicas y problemas graves de salud Sordera y discapacidad auditiva Ceguera y discapacidad visual Autismo, sordo-ceguera y lesión cerebral traumática Discapacidades de baja incidencia10aEDUCACIÓN ESPECIAL 10aPSICOPEDAGOGIA41yDisponible en PEARSON [Biblioteca Digital]zAcceder desde: portaluin.mx